Statistics for Harry Potter by Pictures #1

Click here to take the quiz!

General Stats

  • This quiz has been taken 24 times
  • The average score is 11 of 16

Answer Stats

Answer% Correct
Acromantula/ Aragog
86%
Elder Wand
86%
Phoenix/ Fawkes
86%
Hippogriff/ Buckbeak
81%
Dragon/ Hungarian Horntail
76%
Platform Nine and Three-Quarters
76%
Seamus Finnigan
76%
Hagrid's Hut
67%
Mirror of Erised
67%
Narcissa Malfoy
67%
Slytherin's Locket
62%
Pansy Parkinson
57%
Stan Shunpike
52%
Triwizard Cup
52%
Shrieking Shack
48%
Hufflepuff common room
29%

Score Distribution

Percentile by Number Answered

Percent of People with Each Score

Your Score History

You have not taken this quiz